000 00378nam a2200145Ia 4500
005 20260328101523.0
008 260328s9999||||xx |||||||||||||| ||und||
100 _aSánchez G, Ana Lucía
245 0 _aProcesos Urbanos Contemporáneos /
_cAna Lucía Sánchez G
250 _a1a ed.
260 _bTercer Mundo Editores
300 _a328 p.
650 _aURBANISMO
942 _cBK
999 _c9686
_d9686